000 00657nam a2200217 4500
003 OSt
005 20240626071306.0
006 a
008 240626b |||||||| |||| 00| 0 eng d
020 _a9789715132930
040 _aDWCL-HMN lib.
_cOC
082 _2First edition
_aFil. 174.2 L795l 2011
100 _aLoarca, Josefina V.
245 _aThe law and ethics for midwives /
250 _aFirst edition
260 _aManila :
_bEducational Pub. House,
_cc2011.
300 _aix,
_b190 p. ;
_c24 cm.
504 _aIncludes bibliographical references.
650 _a1. Midwives-Professional ethics.
942 _2ddc
_n0
_cBK - FIL
_eFirst edition
_kFil.
999 _c1409
_d1409